000 00692nam a2200217 i 4500
001 72270
003 ES-MaACL
005 20230906171401.0
007 t|
008 040830s1975 sp ||||1| spa d
020 _a84-85137-05-1
100 1 _aGiménez Caballero, Ernesto,
_d1899-1988
_957038
245 1 0 _aManuel Azaña
_b: (profecías españolas) /
_cE. Giménez Caballero.
260 _aMadrid :
_bTurner,
_c[1975]
300 _a227 p. ;
_c21 cm.
505 8 _aContiene: Ateneísta, p. 89-91. Apéndice, por Jean Becarud, p. 209-227
600 1 4 _aAzaña, Manuel,
_d1880-1940
_924223
700 1 _aBecarud, Jean.
_926865
852 _aES-MaACL
_jL-7656
999 _c72270
_d72270